Statistics for Top 50 Countries by Unemployment Rate

Click here to take the quiz!

General Stats

  • This quiz has been taken 123 times
  • The average score is 24 of 50

Answer Stats

RankUnemployment RateAnswer% Correct
#4118,7%Greece
74%
#2230%Mali
67%
#2530%South Africa
67%
#3421,7%Nigeria
66%
#3721%Sudan
65%
#1440,6%Kenya
64%
#195%Zimbabwe
64%
#3023,4%Spain
61%
#4617,1%Iraq
59%
#1145,3%Lesotho
59%
#851,2%Senegal
59%
#1740%Afghanistan
57%
#4517,3%Iran
57%
#2131,4%Libya
57%
#3322%Mozambique
56%
#2035%Cameroon
54%
#1540%Swaziland
54%
#3222,3%Gabon
53%
#660%Djibouti
51%
#385%Liberia
50%
#2330%Mauritania
50%
#759%Namibia
50%
#2629,8%Serbia
50%
#1245%Bosnia and Herzegovina
49%
#948%Nepal
48%
#3920%Tunisia
48%
#1836%Yemen
48%
#477%Burkina Faso
47%
#4020%Croatia
47%
#1343,3%Haiti
46%
#3521%Comoros
45%
#1935%Macedonia
45%
#290%Nauru
44%
#4815,4%Oman
44%
#1046%Kosovo
43%
#2824,9%Equatorial Guinea
42%
#1640%Marshall Islands
40%
#5015,3%Maldives
38%
#2725%Dominica
37%
#4218,4%Georgia
36%
#3123%Cape Verde
35%
#2923,5%Micronesia
35%
#560%Turkmenistan
35%
#3821%East Timor
32%
#4716,3%Bahrain
31%
#4318%Latvia
30%
#2430%Grenada
29%
#4417,7%Lithuania
29%
#3621%Saint Lucia
29%
#4915,4%Saint Vincent and the Grenadines
23%

Score Distribution

Percentile by Number Answered

Percent of People with Each Score

Your Score History

You have not taken this quiz